000 00792nas a2200265 4500
001 BR2010004291
003 BR-BrBNA
005 20231205114715.0
007 ta
008 230509b bl.|||p| |||| 00| 00por d
040 _aBR-BrBNA
_bpor
_cBiblioteca Nacional de Agricultura
041 _a(Pt)
072 _aP33
100 1 _aKlein, V.A.
100 1 _aBaseggio, M.
100 1 _aMadalosso, T.
100 1 _aMarcolin, C.D.
245 1 _aTextura do solo e a estimativa do teor de água no ponto de murcha permanente com psicrômetro
650 _aTEXTURA DO SOLO
650 _aÁGUA
650 _aARGILA
773 0 _tCiência Rural (Brazil)
_xISSN 0103-8478
_g(Jul 2010), v. 40(7) p. 1550-1556
_wBR2010004291
909 _a202311
_bLúcia
_c55
_dLúcia Elande
942 _2AGRIS
_n0
_cANA
999 _c210065
_d210065